[Event "Steinfurt Bezirksklasse 1213"]
[Site "Germany"]
[Date "2013.01.19"]
[Round "4.6"]
[White "Bakker, David"]
[Black "Jendraszyk, Daniel"]
[Result "0-1"]
[WhiteElo "1061"]
[BlackElo "1291"]
[PlyCount "40"]
[EventDate "2012.09.29"]
[EventType "team-tourn"]
[EventRounds "9"]
[EventCountry "GER"]
[SourceTitle "EXT 2015"]
[Source "ChessBase"]
[SourceDate "2014.11.20"]
[SourceVersion "1"]
[SourceVersionDate "2014.11.20"]
[SourceQuality "1"]
[WhiteTeam "Steinfurt IV"]
[BlackTeam "Emsdetten Rochade III"]
[WhiteTeamCountry "GER"]
[BlackTeamCountry "GER"]

1. e4 e5 2. Bc4 Bc5 3. Nf3 Nf6 4. Nxe5 Qe7 5. Nf3 Qxe4+ 6. Qe2 Qxe2+ 7. Bxe2 Nc6 8. 0-0 b6 9. Re1 0-0 10. Nc3 Bb7 11. d3 Rfe8 12. Bg5 Ng4 13. Nd4 Nxf2 14. Kxf2 Nxd4 15. Rac1 Nxe2+ 16. Kf1 Nxc1 17. Rxc1 Re5 18. Bf4 Rf5 19. g3 g5 20. g4 Rxf4+ 0-1

[Event "Steinfurt Bezirksklasse 1213"]
[Site "Germany"]
[Date "2012.11.03"]
[Round "2.7"]
[White "Jendraszyk, Daniel"]
[Black "Gutjahr, Vladimir"]
[Result "0-1"]
[WhiteElo "1291"]
[BlackElo "1385"]
[PlyCount "79"]
[EventDate "2012.09.29"]
[EventType "team-tourn"]
[EventRounds "9"]
[EventCountry "GER"]
[SourceTitle "EXT 2015"]
[Source "ChessBase"]
[SourceDate "2014.11.20"]
[SourceVersion "1"]
[SourceVersionDate "2014.11.20"]
[SourceQuality "1"]
[WhiteTeam "Emsdetten Rochade III"]
[BlackTeam "Steinfurt III"]
[WhiteTeamCountry "GER"]
[BlackTeamCountry "GER"]

1. e4 e5 2. Nf3 d6 3. Nc3 Be6 4. d4 exd4 5. Nxd4 Bd7 6. Bc4 c6 7. Qf3 Qf6 8. 0-0 Be7 9. Qxf6 Nxf6 10. Nf5 Be6 11. Nxg7+ Kd7 12. Nxe6 fxe6 13. Re1 Ng4 14. Bf4 e5 15. Bg3 h5 16. Be2 Bg5 17. Rad1 Ke6 18. h3 Nf6 19. Bc4+ Ke7 20. Rd3 h4 21. Bh2 Nbd7 22. Red1 Ne8 23. Ne2 Nc5 24. Rf3 Rf8 25. Rxf8 Kxf8 26. f4 Bf6 27. fxe5 dxe5 28. Nc3 b5 29. Be2 b4 30. Nb1 Nxe4 31. Bf3 Ng3 32. Bxc6 Rc8 33. Bd5 Ne2+ 34. Kf2 Nd4 35. c3 bxc3 36. Nxc3 Rb8 37. Rxd4 Rxb2+ 38. Ne2 exd4 39. Bb3 d3 40. Bd6+ 0-1